| 000 | 00472nam a22001817a 4500 | ||
|---|---|---|---|
| 003 | OSt | ||
| 005 | 20170629104404.0 | ||
| 008 | 170629b xxu||||| |||| 00| 0 eng d | ||
| 020 | _a9781285079806 | ||
| 020 | _a1285079809 | ||
| 040 | _cRU | ||
| 050 |
_aP107 _b.F76 2014 |
||
| 100 | _aVictoria Fromkin, Robert Rodman, Nina Hyams | ||
| 245 | _aAn introduction to language / | ||
| 250 | _a10th ed. | ||
| 260 |
_aBoston : _bThomson/Heinle, _cc2003. |
||
| 942 |
_2lcc _cBK |
||
| 999 |
_c256589 _d256588 |
||